Inflačné cielenie a možnosti predikovania inflácie v podmienkach Slovenska
Aplikácia menovej stratégie známej ako inflačné cielenie v centrálnych bankách tzv. rozvinutých tranzitívnych krajín (Slovensko, Česko, Poľsko, Maďarsko). Predpoklady inflačného cielenia a ich napĺňanie v týchto krajinách. Možnosť modelovania jadrovej inflácie štandardnými metódami analýzy časových...
Guardado en:
| Autor principal: | |
|---|---|
| Otros Autores: | |
| Formato: | Capítulo de libro |
| Lenguaje: | eslovaco |
| Materias: | |
| Etiquetas: |
Sin Etiquetas, Sea el primero en etiquetar este registro!
|
MARC
| LEADER | 00000naa$a2200000$$$4500 | ||
|---|---|---|---|
| 001 | 0020609 | ||
| 005 | 20231102102905.7 | ||
| 041 | 0 | |a slo | |
| 044 | |a SK | ||
| 245 | 1 | 0 | |a Inflačné cielenie a možnosti predikovania inflácie v podmienkach Slovenska |c Emília Zimková, Vladimír Úradníček |
| 520 | |a Aplikácia menovej stratégie známej ako inflačné cielenie v centrálnych bankách tzv. rozvinutých tranzitívnych krajín (Slovensko, Česko, Poľsko, Maďarsko). Predpoklady inflačného cielenia a ich napĺňanie v týchto krajinách. Možnosť modelovania jadrovej inflácie štandardnými metódami analýzy časových radov - metódou krokovej regresie. | ||
| 610 | 2 | 0 | |a cielenie inflácie |
| 610 | 2 | 0 | |a krajiny tranzitívne |
| 610 | 2 | 0 | |a porovnanie medzinárodné |
| 610 | 2 | 0 | |a politika menová |
| 610 | 2 | 0 | |a inflácia |
| 610 | 2 | 0 | |a banky centrálne |
| 610 | 2 | 0 | |a inflácia jadrová |
| 610 | 2 | 0 | |a modelovanie |
| 610 | 2 | 0 | |a modely |
| 610 | 2 | 0 | |a analýza radov časových |
| 100 | 1 | |a Zimková, Emília | |
| 700 | 1 | |a Úradníček, Vladimír | |